000 01272nam a2200337 a 4500
003 BLK
005 20240925135054.0
007 ta
008 221104b bu |||||r|||| 00| | bu d
020 _a9781473619357
040 _aBLK
041 _aENG
_cENG
080 _9229966
_aГлавен мозък. Мозъчни центрове. Вж и 159.91 ; 613.8
_b612.82
_z612.82
080 _9230343
_aДиетотерапия. Усилено и органично хранене, диети, богати на тлъстини, на минерали и др.
_b615.874
_z615.874
084 _aP 45
100 _9494826
_aPerlmutter, David
245 _aBrain maker
_bThe power of gut microbes to heal and protect your brain for life
_cDavid Perlmutter, Kristin Loberg
260 _9494827
_aLondon
_bYellow Kite
_c2015
300 _a311 p.
_c21 cm
380 _a61
650 0 _9270033
_aГлавен мозък
650 7 _9176826
_aХранене
653 _9200595
_aчерва
653 _9191007
_aмикрофлора
653 _9422934
_aмикроби
700 _9494828
_aLoberg, Kristin
852 _bП
_c612.8/P 45 D
856 _i0.00
_ldisable
942 _cKNG
_n0
944 _a30550
_cКети Илиева
_k30550
_lКети Илиева
999 _c517678
_d517678